000 00491nam a2200181 a 4500
005 20140412111401.0
008 060406s19uu xx 00 eng d
020 _a971-8910-88-3
050 _aER
_bBo63 2001
245 _aThe Boy who cried wolf.
260 _aMakati City :
_bStraight Lines International, Inc,
_c2001.
300 _a24 p. ; ill.
440 _aClassic Tales Collection
650 _aLies
_xFiction
650 _aChildren stories
999 _c105467
_d105467